[Event "Blankenburg op-B 19th"]
[Site "Blankenburg"]
[Date "2014.10.04"]
[Round "5"]
[White "Wraga, Teresa"]
[Black "Ducke, Jan"]
[Result "1/2-1/2"]
[WhiteElo "1660"]
[BlackElo "1506"]
[PlyCount "120"]
[EventDate "2014.10.02"]
[EventType "swiss"]
[EventRounds "7"]
[EventCountry "GER"]
[SourceTitle "EXT 2023"]
[Source "ChessBase"]
[SourceDate "2022.10.05"]
[SourceVersion "1"]
[SourceVersionDate "2022.10.05"]
[SourceQuality "1"]

1. e4 e5 2. Nc3 b6 3. g3 Bb7 4. Bg2 Nf6 5. Nge2 Bc5 6. 0-0 Ng4 7. d4 exd4 8. Nxd4 h5 9. h3 Ne5 10. Nf5 Qf6 11. Nd5 Bxd5 12. Qxd5 Nbc6 13. Rb1 a5 14. Be3 Be7 15. Nxe7 Kxe7 16. c3 Rag8 17. f4 Ng6 18. e5 Qe6 19. Qxe6+ fxe6 20. Bxc6 dxc6 21. Rbd1 c5 22. Rd2 Rd8 23. Rfd1 Rxd2 24. Rxd2 Rf8 25. Rf2 Rd8 26. Rd2 Rf8 27. Rf2 Nh8 28. Kg2 Nf7 29. b3 Nh6 30. Bc1 Nf5 31. Re2 Rd8 32. Rd2 Rg8 33. Rf2 Rd8 34. Rd2 Ne3+ 35. Kf3 Nd5 36. c4 Nb4 37. Rxd8 Kxd8 38. a3 Nc6 39. Bb2 Ke7 40. Ke4 Kf7 41. g4 hxg4 42. hxg4 g6 43. f5 exf5+ 44. gxf5 gxf5+ 45. Kxf5 Nd4+ 46. Ke4 Nxb3 47. Kd5 Ke7 48. Kc6 Nd2 49. Kxc7 Nxc4 50. Bc3 Ke6 51. a4 Kd5 52. Kb7 Nxe5 53. Kxb6 Nc4+ 54. Kb5 Na3+ 55. Kxa5 Kc4 56. Be1 Kb3 57. Bf2 c4 58. Bd4 Nc2 59. Bh8 Ne1 60. Kb5 Nd3 1/2-1/2

[Event "Berlin Spring op-B"]
[Site "Berlin"]
[Date "2014.05.02"]
[Round "3"]
[White "Ducke, Jan"]
[Black "Lippianowski, Stefan"]
[Result "1-0"]
[WhiteElo "1289"]
[BlackElo "915"]
[PlyCount "41"]
[EventDate "2014.05.01"]
[EventType "swiss"]
[EventRounds "7"]
[EventCountry "GER"]
[SourceTitle "CBM 160 Extra"]
[Source "ChessBase"]
[SourceDate "2014.07.01"]
[SourceVersion "1"]
[SourceVersionDate "2014.07.01"]
[SourceQuality "1"]

1. e4 e5 2. Nf3 Nc6 3. Bc4 h6 4. d4 Bb4+ 5. c3 Be7 6. b4 d6 7. d5 Nb8 8. 0-0 Nf6 9. Nbd2 a6 10. a4 Nh5 11. Nxe5 Nf4 12. Nef3 Bf6 13. e5 Bxe5 14. Nxe5 Nxg2 15. Qf3 dxe5 16. d6 Nf4 17. dxc7 Qg5+ 18. Qg3 Nh3+ 19. Kh1 Nc6 20. Ne4 Qf5 21. Nd6+ 1-0